000 00317nam a22001457a 4500
008 210310b ||||| |||| 00| 0 eng d
020 _a2900078024220
041 _aeng
080 _24th
_a573
082 _a573
100 _a11
101 _aBIO
245 _aEssentials of Biology
_cMader, S. S
942 _2udc
_cBK
999 _c56226
_d56226